[Event "Madrid 2023-2024ch - Previa A"]
[Site "Madrid ESP"]
[Date "2024.02.13"]
[Round "4.10"]
[White "Laveda Ayllon, Jose David"]
[Black "Rodriguez Del Pino, Daniel"]
[Result "0-1"]
[WhiteElo "1703"]
[BlackElo "1841"]
[PlyCount "60"]
[EventDate "2024.02.05"]
[EventType "swiss"]
[EventRounds "9"]
[EventCountry "ESP"]
[SourceTitle "Ajedrez en Madrid"]
[Source "lmi"]
[SourceDate "2024.02.06"]
[SourceVersion "1"]
[SourceVersionDate "2024.03.02"]
[SourceQuality "1"]

1. d4 d5 2. c4 c6 3. Nf3 Nf6 4. Nc3 e6 5. Bg5 Be7 6. e3 Nbd7 7. c5 b6 8. b4 h6
9. Bh4 O-O 10. Bd3 a5 11. a3 Ba6 12. O-O Bxd3 13. Qxd3 Qc7 14. Bg3 Qb7 15. Rfb1
b5 16. h3 Ra6 17. Rb2 axb4 18. Rxb4 Rfa8 19. a4 Ne4 20. Nxe4 dxe4 21. Qxe4 Rxa4
22. Rab1 Rxb4 23. Rxb4 Ra1+ 24. Kh2 Nf6 25. Qd3 Qa6 26. e4 Ra3 27. Qb1 Ra1 28.
Qd3 Qa5 29. Rb3 Nh5 30. Ne5 Qe1 0-1

[Event "Madrid 2023-2024ch - Previa A"]
[Site "Madrid ESP"]
[Date "2024.02.13"]
[Round "4.11"]
[White "Arevillca Colque, Jonatan"]
[Black "Diaz Garcia-Heras, Jose J."]
[Result "1/2-1/2"]
[WhiteElo "1835"]
[BlackElo "1697"]
[PlyCount "77"]
[EventDate "2024.02.05"]
[EventType "swiss"]
[EventRounds "9"]
[EventCountry "ESP"]
[SourceTitle "Ajedrez en Madrid"]
[Source "lmi"]
[SourceDate "2024.02.06"]
[SourceVersion "1"]
[SourceVersionDate "2024.03.02"]
[SourceQuality "1"]

1. e4 e5 2. Nf3 Nc6 3. d4 exd4 4. Bc4 d6 5. Nxd4 Nf6 6. Nc3 Be7 7. O-O O-O 8.
Nxc6 bxc6 9. f3 Be6 10. Qe2 Re8 11. Rd1 Qb8 12. Rb1 d5 13. Bb3 dxe4 14. Bxe6
Bc5+ 15. Be3 Bxe3+ 16. Qxe3 Rxe6 17. Nxe4 Nxe4 18. fxe4 Qb6 19. Rd4 Rae8 20.
Kh1 f5 21. Qc3 Rxe4 22. Rd7 R8e7 23. Rxe7 Rxe7 24. Qc4+ Kf8 25. Rd1 Qe3 26. h3
Qe6 27. Qa6 Kf7 28. Qxa7 Qe2 29. Rc1 Qd2 30. Qg1 Re2 31. Qf1 g6 32. a4 Rxg2 33.
Qxg2 Qxc1+ 34. Qg1 Qxb2 35. a5 Qxc2 36. a6 Qd3 37. a7 Qxh3+ 38. Qh2 Qf1+ 39.
Qg1 1/2-1/2

[Event "Madrid 2023-2024ch - Previa A"]
[Site "Madrid ESP"]
[Date "2024.02.13"]
[Round "4.12"]
[White "Guardiola Sevilla, Antonio"]
[Black "Calderon Rojo, Borja"]
[Result "0-1"]
[WhiteElo "1607"]
[BlackElo "1815"]
[PlyCount "78"]
[EventDate "2024.02.05"]
[EventType "swiss"]
[EventRounds "9"]
[EventCountry "ESP"]
[SourceTitle "Ajedrez en Madrid"]
[Source "lmi"]
[SourceDate "2024.02.06"]
[SourceVersion "1"]
[SourceVersionDate "2024.03.02"]
[SourceQuality "1"]

1. e4 c5 2. Nf3 Nc6 3. Nc3 e5 4. d3 Nge7 5. Bg5 f6 6. Be3 d6 7. h3 Be6 8. Be2
Qd7 9. Qd2 Nd4 10. O-O-O b5 11. Nd5 Nxd5 12. exd5 Bxd5 13. Nh4 Be7 14. Bxd4
cxd4 15. Bg4 Be6 16. Bxe6 Qxe6 17. Kb1 f5 18. Nf3 O-O 19. Rde1 Qd7 20. Nh2 Rac8
21. f4 Rc5 22. fxe5 dxe5 23. Nf3 Bf6 24. Qb4 Rfc8 25. Re2 h6 26. Rhe1 Qc7 27.
Qb3+ Kh8 28. g4 Qc6 29. Rf1 e4 30. Ne1 fxg4 31. hxg4 e3 32. Rf5 Rxf5 33. gxf5
Qd7 34. Qa3 Qxf5 35. Qxa7 Qf1 36. Qd7 Qxe2 37. Qxc8+ Kh7 38. Qf5+ g6 39. Qd7+
Bg7 0-1

[Event "Madrid 2023-2024ch - Previa A"]
[Site "Madrid ESP"]
[Date "2024.02.13"]
[Round "4.14"]
[White "Vukotic Jovsic, Dragan"]
[Black "Sanchez Liso, Juan A"]
[Result "1-0"]
[WhiteElo "1800"]
[BlackElo "1507"]
[PlyCount "79"]
[EventDate "2024.02.05"]
[EventType "swiss"]
[EventRounds "9"]
[EventCountry "ESP"]
[SourceTitle "Ajedrez en Madrid"]
[Source "lmi"]
[SourceDate "2024.02.06"]
[SourceVersion "1"]
[SourceVersionDate "2024.03.02"]
[SourceQuality "1"]

1. d4 Nf6 2. Nf3 g6 3. Bf4 Bg7 4. e3 O-O 5. h3 d6 6. Be2 c5 7. c3 Qb6 8. Qc1
cxd4 9. exd4 e5 10. dxe5 Nd5 11. Bh6 Re8 12. O-O dxe5 13. Na3 Nf4 14. Bxf4 exf4
15. Bc4 Qc7 16. Ng5 Rf8 17. Qe1 Be5 18. Rd1 Nc6 19. Qe2 Qe7 20. Nf3 Qf6 21.
Rfe1 Re8 22. Bb5 Bf5 23. Bxc6 bxc6 24. Nxe5 Re7 25. Ng4 Bxg4 26. Qxg4 h5 27.
Qf3 Rxe1+ 28. Rxe1 Kg7 29. Re4 g5 30. Qxh5 Rh8 31. Qe2 Rh4 32. f3 c5 33. Re7
Rh8 34. Qe5 a6 35. Nc4 Rd8 36. Qxc5 Qg6 37. Qe5+ Kh6 38. Qe4 Qh5 39. Ne5 Rd1+
40. Kh2 1-0

[Event "Madrid 2023-2024ch - Previa A"]
[Site "Madrid ESP"]
[Date "2024.02.13"]
[Round "4.15"]
[White "Diaz Begonte, Manuel"]
[Black "Iribarren Galarza, Aritz"]
[Result "1/2-1/2"]
[WhiteElo "1509"]
[BlackElo "1777"]
[PlyCount "101"]
[EventDate "2024.02.05"]
[EventType "swiss"]
[EventRounds "9"]
[EventCountry "ESP"]
[SourceTitle "Ajedrez en Madrid"]
[Source "lmi"]
[SourceDate "2024.02.06"]
[SourceVersion "1"]
[SourceVersionDate "2024.03.02"]
[SourceQuality "1"]

1. e4 c6 2. d4 d5 3. e5 c5 4. dxc5 Nc6 5. Nf3 Bg4 6. Be2 e6 7. Be3 Nge7 8. c3
Nf5 9. Bd4 g6 10. O-O Bg7 11. b4 Bxf3 12. Bxf3 Nxe5 13. Be2 O-O 14. Na3 Nxd4
15. cxd4 Nc6 16. Nc2 Qf6 17. Rc1 Nxd4 18. Nxd4 Qxd4 19. Qa4 a5 20. Qd7 Qxb4 21.
a4 Bh6 22. Rb1 Qxc5 23. Rxb7 Rad8 24. Qb5 Qxb5 25. Bxb5 Rb8 26. Ra7 Bd2 27. Rd1
Bb4 28. Rc1 Rbc8 29. Rac7 Rxc7 30. Rxc7 Rd8 31. Kf1 f5 32. Ke2 e5 33. f3 h5 34.
Rd7 Rxd7 35. Bxd7 Kf7 36. Kd3 Ke7 37. Bc6 Kd6 38. Be8 g5 39. Bxh5 f4 40. Bf7
Kc5 41. h3 Kd6 42. Bg8 Bc5 43. Bf7 Bb6 44. Bg8 Kc5 45. Bf7 Bd8 46. Be8 Bf6 47.
Bb5 Kb4 48. Be8 Ka3 49. Bc6 e4+ 50. fxe4 dxe4+ 51. Kxe4 1/2-1/2

[Event "Madrid 2023-2024ch - Previa A"]
[Site "Madrid ESP"]
[Date "2024.02.13"]
[Round "4.16"]
[White "Garcia Gonzalez, Pedro A."]
[Black "Lozano Arribas, Carlos"]
[Result "1/2-1/2"]
[WhiteElo "1694"]
[BlackElo "1975"]
[PlyCount "42"]
[EventDate "2024.02.05"]
[EventType "swiss"]
[EventRounds "9"]
[EventCountry "ESP"]
[SourceTitle "Ajedrez en Madrid"]
[Source "lmi"]
[SourceDate "2024.02.06"]
[SourceVersion "1"]
[SourceVersionDate "2024.03.02"]
[SourceQuality "1"]

1. d4 Nf6 2. Nf3 d5 3. e3 e6 4. Bd3 Be7 5. Nbd2 Nbd7 6. b3 b6 7. Bb2 Bb7 8. O-O
O-O 9. Qe2 Ne4 10. c4 f5 11. cxd5 exd5 12. Rac1 Bd6 13. Ne5 Bxe5 14. dxe5 Ndc5
15. Rfd1 Qe7 16. Nf3 Nxd3 17. Qxd3 c5 18. Nd2 Ng5 19. f4 Ne6 20. Qf1 Rfd8 21.
Nf3 Rac8 1/2-1/2

[Event "Madrid 2023-2024ch - Previa A"]
[Site "Madrid ESP"]
[Date "2024.02.13"]
[Round "4.17"]
[White "Martin-Consuegra Barrilero, Javi"]
[Black "Vazquez Gonzalez, Jesus"]
[Result "0-1"]
[WhiteElo "1673"]
[BlackElo "1945"]
[PlyCount "50"]
[EventDate "2024.02.05"]
[EventType "swiss"]
[EventRounds "9"]
[EventCountry "ESP"]
[SourceTitle "Ajedrez en Madrid"]
[Source "lmi"]
[SourceDate "2024.02.06"]
[SourceVersion "1"]
[SourceVersionDate "2024.03.02"]
[SourceQuality "1"]

1. Nf3 g6 2. c4 Bg7 3. g3 d6 4. Bg2 e5 5. d3 f5 6. e4 Nf6 7. Nc3 c6 8. O-O O-O
9. Qc2 Na6 10. a3 Nc5 11. b4 Ne6 12. Bb2 f4 13. Ne2 g5 14. h3 h5 15. Nh2 g4 16.
f3 fxg3 17. Nxg3 Nf4 18. fxg4 hxg4 19. hxg4 Nxg4 20. Nxg4 Bxg4 21. Rf2 Qh4 22.
Nh1 Bh3 23. Rxf4 Rxf4 24. Bxh3 Qxh3 25. Nf2 Qg3+ 0-1

[Event "Madrid 2023-2024ch - Previa A"]
[Site "Madrid ESP"]
[Date "2024.02.13"]
[Round "4.18"]
[White "Urosa Sanchez, Pablo"]
[Black "Martin Martin, Luis Vicente"]
[Result "1/2-1/2"]
[WhiteElo "1502"]
[BlackElo "1884"]
[PlyCount "39"]
[EventDate "2024.02.05"]
[EventType "swiss"]
[EventRounds "9"]
[EventCountry "ESP"]
[SourceTitle "Ajedrez en Madrid"]
[Source "lmi"]
[SourceDate "2024.02.06"]
[SourceVersion "1"]
[SourceVersionDate "2024.03.02"]
[SourceQuality "1"]

1. e4 g6 2. d4 Bg7 3. Nc3 c5 4. dxc5 Bxc3+ 5. bxc3 Qa5 6. Qd4 Nf6 7. Qb4 Nc6 8.
Qxa5 Nxa5 9. f3 O-O 10. Ne2 b6 11. cxb6 axb6 12. Nd4 Ba6 13. Bd3 Rfc8 14. Bd2
Nc4 15. Rb1 Ne5 16. Ke2 Bxd3+ 17. cxd3 Rxa2 18. Rhc1 Nc6 19. Nc2 Rb8 20. Nb4
1/2-1/2

[Event "Madrid 2023-2024ch - Previa A"]
[Site "Madrid ESP"]
[Date "2024.02.13"]
[Round "4.19"]
[White "Fernandez Rios, Jose Francisco"]
[Black "Alvarez Abejon, Amilcar"]
[Result "1/2-1/2"]
[WhiteElo "1622"]
[BlackElo "1874"]
[PlyCount "65"]
[EventDate "2024.02.05"]
[EventType "swiss"]
[EventRounds "9"]
[EventCountry "ESP"]
[SourceTitle "Ajedrez en Madrid"]
[Source "lmi"]
[SourceDate "2024.02.06"]
[SourceVersion "1"]
[SourceVersionDate "2024.03.02"]
[SourceQuality "1"]

1. d4 Nf6 2. c4 c5 3. d5 b5 4. cxb5 a6 5. bxa6 g6 6. Nc3 Bxa6 7. e4 Bxf1 8.
Kxf1 d6 9. Nf3 Nbd7 10. g3 Bg7 11. Kg2 O-O 12. Qc2 Qb6 13. h3 Rfb8 14. Nd2 Ne8
15. a4 Nc7 16. Ra3 Qa6 17. Rd1 Ne5 18. b3 Nd3 19. Nc4 Nxc1 20. Qxc1 Qb7 21. Rd3
Rf8 22. Kh2 f5 23. e5 dxe5 24. d6 exd6 25. Nxd6 Qc6 26. Ncb5 Nxb5 27. Qc4+ Kh8
28. axb5 Qc7 29. Rxa8 Rxa8 30. Nf7+ Kg8 31. Nxe5+ Kh8 32. Nf7+ Kg8 33. Ne5+
1/2-1/2

[Event "Madrid 2023-2024ch - Previa A"]
[Site "Madrid ESP"]
[Date "2024.02.13"]
[Round "4.20"]
[White "Calle Trueba, Jose Antonio"]
[Black "Marin Lopez, Jeronimo"]
[Result "0-1"]
[WhiteElo "1378"]
[BlackElo "1797"]
[PlyCount "52"]
[EventDate "2024.02.05"]
[EventType "swiss"]
[EventRounds "9"]
[EventCountry "ESP"]
[SourceTitle "Ajedrez en Madrid"]
[Source "lmi"]
[SourceDate "2024.02.06"]
[SourceVersion "1"]
[SourceVersionDate "2024.03.02"]
[SourceQuality "1"]

1. e4 d6 2. f4 Nf6 3. Nc3 e5 4. Nf3 Nbd7 5. Bc4 Be7 6. O-O O-O 7. d3 c6 8. h3
b5 9. Bb3 Qc7 10. g4 Nc5 11. f5 Nxb3 12. axb3 d5 13. Qe1 b4 14. Na2 dxe4 15.
dxe4 Bb7 16. Nd2 c5 17. c3 Rad8 18. g5 Nxe4 19. Nxe4 Qc6 20. Nf6+ gxf6 21. Qg3
Kh8 22. g6 fxg6 23. fxg6 Rg8 24. Bg5 Rxg6 25. h4 fxg5 26. Qxe5+ Bf6 0-1

[Event "Madrid 2023-2024ch - Previa A"]
[Site "Madrid ESP"]
[Date "2024.02.13"]
[Round "4.21"]
[White "Cabanas Bravo, Juan Andres"]
[Black "Ortega Molina, Tomas"]
[Result "1-0"]
[WhiteElo "1906"]
[BlackElo "1538"]
[PlyCount "95"]
[EventDate "2024.02.05"]
[EventType "swiss"]
[EventRounds "9"]
[EventCountry "ESP"]
[SourceTitle "Ajedrez en Madrid"]
[Source "lmi"]
[SourceDate "2024.02.06"]
[SourceVersion "1"]
[SourceVersionDate "2024.03.02"]
[SourceQuality "1"]

1. e4 c5 2. Nf3 d6 3. d4 cxd4 4. Nxd4 Nf6 5. Nc3 a6 6. Bg5 e6 7. f4 Be7 8. Qf3
h6 9. Bh4 Qb6 10. O-O-O Bd7 11. f5 Nc6 12. fxe6 fxe6 13. Bxf6 O-O 14. Nxc6 Qxc6
15. e5 Qxf3 16. gxf3 gxf6 17. exd6 Bd8 18. Bc4 b5 19. Bb3 a5 20. Rhe1 Kf7 21.
a4 bxa4 22. Nxa4 Rc8 23. f4 f5 24. Re5 Kf6 25. Nc5 Rxc5 26. Rxc5 Bb6 27. Rc3 a4
28. Ba2 Rg8 29. Rg3 Rxg3 30. hxg3 Bf2 31. Rd3 e5 32. fxe5+ Kxe5 33. Bf7 f4 34.
g4 Be3+ 35. Kb1 Kf6 36. Bh5 Ke5 37. c4 Ke4 38. Bg6+ Kf3 39. Bf5 Ke2 40. Kc2 a3
41. bxa3 Ba4+ 42. Kc3 f3 43. g5 f2 44. Bg4+ Kf1 45. Rxe3 Kg1 46. Be2 Bd1 47.
Bd3 f1=Q 48. Bxf1 1-0

[Event "Madrid 2023-2024ch - Previa A"]
[Site "Madrid ESP"]
[Date "2024.02.13"]
[Round "4.22"]
[White "Villodre Miranda, Juan Alonso"]
[Black "Camarero Izquierdo, Juan Carlos"]
[Result "1-0"]
[WhiteElo "1541"]
[BlackElo "1725"]
[PlyCount "92"]
[EventDate "2024.02.05"]
[EventType "swiss"]
[EventRounds "9"]
[EventCountry "ESP"]
[SourceTitle "Ajedrez en Madrid"]
[Source "lmi"]
[SourceDate "2024.02.06"]
[SourceVersion "1"]
[SourceVersionDate "2024.03.02"]
[SourceQuality "1"]

1. c4 e6 2. Nc3 c6 3. g3 d5 4. cxd5 exd5 5. d4 f5 6. f4 Nf6 7. Bg2 Ne4 8. e3
Nd7 9. a3 Ndf6 10. Nge2 Bd6 11. O-O O-O 12. Nxe4 fxe4 13. h3 Qe8 14. Nc3 Qg6
15. g4 h6 16. Qe1 Bd7 17. Qh4 Be7 18. f5 Qf7 19. Qg3 Ne8 20. Bd2 Bd6 21. Qh4
Be7 22. Qg3 Qf6 23. Be1 Rc8 24. Ne2 c5 25. dxc5 Bb5 26. Bc3 Qf7 27. Rf2 Bxe2
28. Rxe2 Bxc5 29. Rd1 Bd6 30. Be5 Bxe5 31. Qxe5 Nf6 32. Red2 Rfe8 33. Qg3 Rc5
34. h4 Rec8 35. Bf1 h5 36. g5 Ng4 37. Bh3 Qxf5 38. Bxg4 hxg4 39. Rf1 Rc1 40.
Rdf2 Rxf1+ 41. Kxf1 Qd7 42. Kg2 Rf8 43. Rxf8+ Kxf8 44. Qf4+ Ke7 45. Kg3 Qb5 46.
Qxg4 Kf8 1-0

[Event "Madrid 2023-2024ch - Previa A"]
[Site "Madrid ESP"]
[Date "2024.02.13"]
[Round "4.23"]
[White "Hernandez Gutierrez, Jose"]
[Black "Mejias Gonzalez, Pedro"]
[Result "0-1"]
[WhiteElo "1712"]
[BlackElo "1500"]
[PlyCount "76"]
[EventDate "2024.02.05"]
[EventType "swiss"]
[EventRounds "9"]
[EventCountry "ESP"]
[SourceTitle "Ajedrez en Madrid"]
[Source "lmi"]
[SourceDate "2024.02.06"]
[SourceVersion "1"]
[SourceVersionDate "2024.03.02"]
[SourceQuality "1"]

1. d4 d5 2. c4 c6 3. Nc3 Nf6 4. Nf3 Bg4 5. Ne5 Bf5 6. cxd5 cxd5 7. Qb3 Qb6 8.
Nxd5 Qxb3 9. Nc7+ Kd8 10. axb3 Kxc7 11. Nxf7 Rg8 12. Bf4+ Kd7 13. f3 Be6 14.
Ne5+ Kd8 15. d5 Bd7 16. e4 e6 17. d6 Nc6 18. Nxd7 Kxd7 19. Bb5 g6 20. Kf2 Bg7
21. Rhc1 Nh5 22. Be3 Bxb2 23. e5 Bxa1 24. Rxa1 a6 25. Bxc6+ bxc6 26. g4 Ng7 27.
b4 Rab8 28. Bd2 h5 29. h3 hxg4 30. hxg4 Rh8 31. Kg3 Rh7 32. Bg5 Ne8 33. Be3
Nxd6 34. Rd1 Kc7 35. Rxd6 Re8 36. Bc5 Rd7 37. Bb6+ Kc8 38. Rxc6+ Kb7 0-1

[Event "Madrid 2023-2024ch - Previa A"]
[Site "Madrid ESP"]
[Date "2024.02.13"]
[Round "4.24"]
[White "Pinto Fernandez, Silvio"]
[Black "Lopez Heras, Arturo"]
[Result "0-1"]
[WhiteElo "1530"]
[BlackElo "1702"]
[PlyCount "112"]
[EventDate "2024.02.05"]
[EventType "swiss"]
[EventRounds "9"]
[EventCountry "ESP"]
[SourceTitle "Ajedrez en Madrid"]
[Source "lmi"]
[SourceDate "2024.02.06"]
[SourceVersion "1"]
[SourceVersionDate "2024.03.02"]
[SourceQuality "1"]

1. c4 Nf6 2. Nf3 e6 3. Nc3 d5 4. e3 c5 5. d4 Nc6 6. a3 a6 7. cxd5 exd5 8. Be2
Bd6 9. O-O O-O 10. dxc5 Bxc5 11. b4 Bd6 12. Bb2 Re8 13. Qb3 Be6 14. Ng5 h6 15.
Nxe6 fxe6 16. g3 Kh8 17. Rad1 Qc7 18. Bf3 Ne5 19. Bg2 Rac8 20. Ne2 Qc2 21. Qxc2
Rxc2 22. Bxe5 Bxe5 23. Nf4 Bxf4 24. gxf4 Rc3 25. a4 Rc4 26. Rb1 Kg8 27. Rfc1
Rec8 28. Rxc4 Rxc4 29. Bf1 Rc2 30. b5 a5 31. Bd3 Rc3 32. Bg6 b6 33. Rb2 Nd7 34.
Rc2 Rc4 35. Kg2 Nc5 36. Rxc4 dxc4 37. Bc2 Nb3 38. Kf1 Na1 39. Be4 Nb3 40. Ke1
Kf7 41. h4 Ke7 42. Bc2 Kd6 43. e4 e5 44. f5 Kc5 45. Ke2 Kd4 46. Kf3 Na1 47. Bb1
c3 48. Kg4 c2 49. Bxc2 Nxc2 50. f3 Ke3 51. Kh5 Kxf3 52. f6 gxf6 53. Kxh6 Ne3
54. Kg6 Ng4 55. Kf5 Kg3 56. h5 Kf3 0-1

[Event "Madrid 2023-2024ch - Previa A"]
[Site "Madrid ESP"]
[Date "2024.02.13"]
[Round "4.25"]
[White "Aldea Moreno, Marina"]
[Black "Vasquez Escobar, Andres Eloy"]
[Result "1-0"]
[WhiteElo "1663"]
[BlackElo "1391"]
[PlyCount "87"]
[EventDate "2024.02.05"]
[EventType "swiss"]
[EventRounds "9"]
[EventCountry "ESP"]
[SourceTitle "Ajedrez en Madrid"]
[Source "lmi"]
[SourceDate "2024.02.06"]
[SourceVersion "1"]
[SourceVersionDate "2024.03.02"]
[SourceQuality "1"]

1. e4 c6 2. d4 d5 3. e5 Bf5 4. Ne2 h6 5. Ng3 Bh7 6. e6 fxe6 7. Bd3 Bxd3 8. Qxd3
Nf6 9. f4 Na6 10. Nd2 Qc7 11. Qg6+ Kd7 12. Nf3 Re8 13. Ne5+ Kc8 14. Bd2 Qb6 15.
Bc3 Nc7 16. a4 Nd7 17. Nf7 Rg8 18. Qh7 Nf6 19. Qg6 a6 20. O-O c5 21. Rfd1 cxd4
22. Bxd4 Qc6 23. Ne5 Qd6 24. Ra3 Kb8 25. Rb3 Ka8 26. Rb6 Qd8 27. Rd3 Nd7 28.
Nxd7 Qxd7 29. Qh7 Qxa4 30. b3 Qa2 31. Rd1 Qa5 32. Qxg8 Nb5 33. Bf2 d4 34. Rxe6
Qd8 35. Re5 e6 36. Rxe6 Rxe6 37. Qxe6 Bc5 38. f5 Nc3 39. Rd3 Nb5 40. h3 Nc7 41.
Qe5 Ba7 42. Bxd4 Qc8 43. Bxa7 Kxa7 44. Rc3 1-0

[Event "Madrid 2023-2024ch - Previa A"]
[Site "Madrid ESP"]
[Date "2024.02.13"]
[Round "4.26"]
[White "Martinez Miura, Enrique"]
[Black "Perez Hernandez, Alfonso"]
[Result "1-0"]
[WhiteElo "1495"]
[BlackElo "1658"]
[PlyCount "85"]
[EventDate "2024.02.05"]
[EventType "swiss"]
[EventRounds "9"]
[EventCountry "ESP"]
[SourceTitle "Ajedrez en Madrid"]
[Source "lmi"]
[SourceDate "2024.02.06"]
[SourceVersion "1"]
[SourceVersionDate "2024.03.02"]
[SourceQuality "1"]

1. e4 c5 2. c4 Nc6 3. Nc3 g6 4. g3 Bg7 5. Bg2 e5 6. Nge2 Nge7 7. O-O O-O 8. d3
d6 9. f4 a6 10. a3 Rb8 11. Rb1 b5 12. Nd5 Bg4 13. Bf3 Bxf3 14. Rxf3 bxc4 15.
dxc4 Nd4 16. Nxd4 exd4 17. b4 Nxd5 18. exd5 f5 19. Qd3 Re8 20. Bd2 Re4 21. a4
Qe8 22. b5 Re2 23. Rf2 Rxf2 24. Kxf2 Qe4 25. Qxe4 fxe4 26. Ke2 d3+ 27. Kf2 Bd4+
28. Be3 Bc3 29. Rd1 axb5 30. axb5 Ra8 31. Rb1 Ra2+ 32. Kf1 Rxh2 33. b6 Rh1+ 34.
Bg1 Ba5 35. b7 Bc7 36. b8=Q+ Bxb8 37. Rxb8+ Kf7 38. Kg2 Rh5 39. Be3 g5 40. fxg5
Kg6 41. Rf8 h6 42. Rf6+ Kg7 43. Rxh6 1-0

[Event "Madrid 2023-2024ch - Previa A"]
[Site "Madrid ESP"]
[Date "2024.02.13"]
[Round "4.27"]
[White "Cujba, Anca-Claudia"]
[Black "Rubio Rivera, Felix"]
[Result "1/2-1/2"]
[WhiteElo "1633"]
[BlackElo "1491"]
[PlyCount "115"]
[EventDate "2024.02.05"]
[EventType "swiss"]
[EventRounds "9"]
[EventCountry "ESP"]
[SourceTitle "Ajedrez en Madrid"]
[Source "lmi"]
[SourceDate "2024.02.06"]
[SourceVersion "1"]
[SourceVersionDate "2024.03.02"]
[SourceQuality "1"]

1. d4 Nf6 2. Nf3 e6 3. e3 d5 4. Bd3 c5 5. c3 Nc6 6. Nbd2 cxd4 7. exd4 Bd6 8.
Qe2 O-O 9. Ne5 Qc7 10. f4 g6 11. Nf1 Nd7 12. Ng3 Ndxe5 13. fxe5 Be7 14. Bh6 Re8
15. O-O Bf8 16. Bxf8 Rxf8 17. Rf6 Bd7 18. Raf1 Rae8 19. h4 Bc8 20. h5 Ne7 21.
Qg4 Nf5 22. Nxf5 exf5 23. Qg5 Qe7 24. Rf3 Kh8 25. Rh3 Rg8 26. h6 Be6 27. Qd2
Qd7 28. Qe2 a6 29. Qc2 Rc8 30. Rh4 Rc7 31. Qe2 Qa4 32. b3 Qc6 33. c4 Rd8 34.
cxd5 Qc1+ 35. Kh2 Bxd5 36. Rb6 Qg5 37. Qf2 Bxg2 38. Bc4 Bd5 39. Bxd5 Rxd5 40.
e6 fxe6 41. Rxe6 Re7 42. Rxe7 Qxe7 43. Kh3 g5 44. Rh5 g4+ 45. Kg2 Qe4+ 46. Kf1
Kg8 47. Rg5+ Kh8 48. Kg1 Qxd4 49. Qxd4+ Rxd4 50. Rxf5 Kg8 51. Rg5+ Kf8 52. Rg7
b5 53. Rxh7 Kg8 54. Ra7 Rd6 55. Ra8+ Kh7 56. Kg2 Kxh6 57. Kg3 Rg6 58. Rd8
1/2-1/2

[Event "Madrid 2023-2024ch - Previa A"]
[Site "Madrid ESP"]
[Date "2024.02.13"]
[Round "4.28"]
[White "Melero Fernandez, Jose M"]
[Black "Sanchez Arriola, Ignacio"]
[Result "1-0"]
[WhiteElo "1385"]
[BlackElo "1626"]
[PlyCount "107"]
[EventDate "2024.02.05"]
[EventType "swiss"]
[EventRounds "9"]
[EventCountry "ESP"]
[SourceTitle "Ajedrez en Madrid"]
[Source "lmi"]
[SourceDate "2024.02.06"]
[SourceVersion "1"]
[SourceVersionDate "2024.03.02"]
[SourceQuality "1"]

1. c4 c5 2. Nc3 Nc6 3. g3 g6 4. Bg2 Bg7 5. e3 e5 6. Nge2 Nge7 7. O-O O-O 8. e4
d6 9. d3 a6 10. a4 Rb8 11. Be3 Bd7 12. h3 h6 13. Qd2 Kh7 14. b3 Nd4 15. Rab1
Bxh3 16. f4 Bxg2 17. Kxg2 Rh8 18. fxe5 dxe5 19. Rxf7 Rf8 20. Rxg7+ Kxg7 21.
Bxh6+ Kg8 22. Bxf8 Qxf8 23. Rf1 Qg7 24. Nxd4 cxd4 25. Nd5 Nxd5 26. cxd5 Rc8 27.
Rc1 Qd7 28. Rxc8+ Qxc8 29. Qg5 Qe8 30. Qf6 b5 31. axb5 Qxb5 32. Qxg6+ Kf8 33.
Qf6+ Kg8 34. Qxe5 Qxd3 35. Qe6+ Kg7 36. Qe7+ Kg6 37. d6 Qe2+ 38. Kh3 Qf1+ 39.
Kg4 Qe2+ 40. Kf4 Qe3+ 41. Ke5 Qxg3+ 42. Kxd4 Qf2+ 43. Kd5 Qd2+ 44. Ke6 Qd4 45.
Qf7+ Kg5 46. e5 Qb6 47. Ke7 Qb7+ 48. d7 a5 49. Ke8 Qb5 50. Qe6 Kf4 51. Kf7 Qb8
52. Qf6+ Ke4 53. e6 Kd5 54. Qf3+ 1-0

[Event "Madrid 2023-2024ch - Previa A"]
[Site "Madrid ESP"]
[Date "2024.02.13"]
[Round "4.29"]
[White "Diaz Ramirez, Jaime"]
[Black "Carbo de Haya, Jaime"]
[Result "1-0"]
[WhiteElo "1548"]
[BlackElo "1297"]
[PlyCount "71"]
[EventDate "2024.02.05"]
[EventType "swiss"]
[EventRounds "9"]
[EventCountry "ESP"]
[SourceTitle "Ajedrez en Madrid"]
[Source "lmi"]
[SourceDate "2024.02.06"]
[SourceVersion "1"]
[SourceVersionDate "2024.03.02"]
[SourceQuality "1"]

1. e4 c5 2. Nf3 d6 3. Bc4 e6 4. c3 Nf6 5. d3 a6 6. Bb3 Nc6 7. Bg5 Be7 8. O-O h6
9. Bxf6 Bxf6 10. h3 b5 11. Nh2 Bb7 12. Nd2 O-O 13. f4 b4 14. Rc1 a5 15. Ng4 Be7
16. f5 h5 17. fxe6 hxg4 18. exf7+ Kh8 19. Qxg4 Bg5 20. Qh5+ Bh6 21. Nf3 Ne5 22.
Nxe5 dxe5 23. Rf5 Qxd3 24. Rcf1 Qxe4 25. R1f2 Rad8 26. Bc2 Qe3 27. Qg6 Qc1+ 28.
Kh2 e4 29. Rh5 Qe3 30. Rf3 Qd2 31. Rg3 Rxf7 32. Qxf7 Qd7 33. Qg6 Qe7 34. Rxh6+
gxh6 35. Qxh6+ Qh7 36. Qf6+ 1-0

[Event "Madrid 2023-2024ch - Previa A"]
[Site "Madrid ESP"]
[Date "2024.02.13"]
[Round "4.30"]
[White "Fernandez Garcia, Ignacio"]
[Black "Rodriguez Rodriguez, Ricardo"]
[Result "1-0"]
[WhiteElo "1795"]
[BlackElo "1685"]
[PlyCount "89"]
[EventDate "2024.02.05"]
[EventType "swiss"]
[EventRounds "9"]
[EventCountry "ESP"]
[SourceTitle "Ajedrez en Madrid"]
[Source "lmi"]
[SourceDate "2024.02.06"]
[SourceVersion "1"]
[SourceVersionDate "2024.03.02"]
[SourceQuality "1"]

1. e4 c5 2. f4 Nc6 3. Nf3 d6 4. c3 Nf6 5. Bd3 e5 6. fxe5 dxe5 7. Qe2 Be7 8. O-O
O-O 9. Bc4 a6 10. d3 Na5 11. Na3 b5 12. Bb3 Qc7 13. Bg5 Nxb3 14. axb3 Be6 15.
c4 Rab8 16. Nb1 b4 17. Rxa6 Ra8 18. Rxa8 Rxa8 19. Qc2 Qd6 20. Nbd2 h6 21. Bxf6
Bxf6 22. Rd1 Bg4 23. h3 Bh5 24. g4 Bg6 25. Nf1 Rd8 26. Ne3 Bg5 27. Nxg5 hxg5
28. Nd5 f6 29. Qf2 Ra8 30. Kg2 Kf7 31. h4 gxh4 32. Rh1 Ke6 33. Rxh4 Kd7 34. Qd2
Rf8 35. Rh1 Qa6 36. Qf2 Qa7 37. Qg3 Qa2 38. Qf2 Qa7 39. Rf1 Ke6 40. Nxb4 Ra8
41. Nd5 Rb8 42. b4 Ra8 43. b5 Rf8 44. b4 Rc8 45. b6 1-0

[Event "Madrid 2023-2024ch - Previa A"]
[Site "Madrid ESP"]
[Date "2024.02.13"]
[Round "4.32"]
[White "Martinez Pintor, Juan"]
[Black "Benito Mellado, Humberto"]
[Result "1-0"]
[WhiteElo "1566"]
[BlackElo "1330"]
[PlyCount "57"]
[EventDate "2024.02.05"]
[EventType "swiss"]
[EventRounds "9"]
[EventCountry "ESP"]
[SourceTitle "Ajedrez en Madrid"]
[Source "lmi"]
[SourceDate "2024.02.06"]
[SourceVersion "1"]
[SourceVersionDate "2024.03.02"]
[SourceQuality "1"]

1. d4 d5 2. c4 e6 3. Nc3 Nf6 4. Nf3 c6 5. e3 a6 6. cxd5 cxd5 7. Bd3 Bb4 8. O-O
Nbd7 9. Bd2 b5 10. Rc1 Bb7 11. Nxb5 Bxd2 12. Nd6+ Ke7 13. Nxb7 Qb6 14. Qxd2
Qxb7 15. Rc3 Rhc8 16. Rfc1 Rxc3 17. Qxc3 Ne8 18. Qa3+ Nd6 19. Ne5 g6 20. Nc6+
Kf6 21. Qxd6 Rc8 22. Rc2 Ra8 23. Qe7+ Kg7 24. Ne5 Ra7 25. Qxf7+ Kh8 26. Qxe6
Nxe5 27. Qxe5+ Kg8 28. h3 Qf7 29. Rc8+ 1-0